000 00454nam a2200157Ia 4500
008 240729s9999 xx 000 0 und d
022 _a2345-4156
245 0 _aJournal of Hydraulic Structures
260 _aIran, Islamic Republic of
260 _bShahid Chamran University of Ahvaz
650 _a Hydraulic engineering
650 _aTechnology
856 _uhttps://doaj.org/toc/063e2dc3b525471ebe63414b7402370a
942 _2ddc
942 _cDOAJEJ
999 _c68717
_d68717
945 _a1
_bMadushi Gamage
_c1
_dMadushi Gamage